000 00559nam a2200193 4500
999 _c196568
_d196568
005 20230818142305.0
010 _aENG-137422
020 _a9788195386796
_c275.00
035 _aEN-120954
037 _bDBAD/PUB
082 _a658.15
100 _qGupta, Hairom
245 _aFinancial Management /
_cby Hariom Gupta
260 _aNew Delhi
_bKitab Mahal Publishers
_c2022
270 _a4655/21, Ansari Road (G.F) Daryaganj
_bNew Delhi
_e110002
300 _a297p.
_c21cm(pbk)
700 _aBahal, Mohit
942 _2ddc
_cEN
_h658.15
_mGUP